01144nam a2200217 a 450000100080000000500110000800800410001910000230006024500220008326000440010530000080014949000080015752006590016565000110082465000130083565000140084865000180086265000140088065300140089465300180090821585032024-10-11 1928 bl uuuu u00u1 u #d1 aSILVEIRA, A. A. da aFloralia Montium. aBelo Horizonte: Imprensa Officialc1928 a2v. v2v. aÉ uma obra de Botânica Regional de grande importância que se concentra na flora da região montanhosa de Minas Gerais, Brasil. Dívísío Jenerís; Paepalanthi; Paepalocephalus Mart.: Paepalocephalus Ruhl.; Psílandra Ruhl.; Telxínoe Ruhl.; Platycaulon Mart.; Xeractis Mart.; Bostrychophyllurn Ruhl.; Psílandra Ruhl.; Paepalocephalus RuhI.; Eriocaulopsis Ruhl.; Conodiscus Ruhl.; Dyostíche Ruhl.; Diphyomene Ruhl.; Actinocephalus Koern; Eríocaulopsis Ruhl: Eupaepalanthus Ruhl.; Polycladus Ruhl.; Aphorocaulon Ruhl.; Polyactís Ruhl.; Actinocephaloides Ruhl.; Dichocladus Eupaepalanthus Ruhl.: Variabiles; Leptocephali; Rosulati; Vivipari; Dimeri. abotany ataxonomy aBotânica aEriocaulaceae aTaxonomia aEndemismo aFitogeografia